| 000 | 00582nam a2200193 i 4500 | ||
|---|---|---|---|
| 001 | 34469 | ||
| 003 | ES-MaACL | ||
| 005 | 20240223063024.0 | ||
| 007 | t| | ||
| 008 | 030207s1967 sp ||||1| spa d | ||
| 100 | 0 |
_aBloy, Léon, _d1846-1917 _929573 |
|
| 245 | 1 | 3 |
_aLa sangre del pobre / _cpor Léon Bloy ; [traducción del francés por: Agustín Esclasans]. |
| 250 | _a[1ª ed.]. | ||
| 260 |
_aMadrid : _bZYX, _c[1967] |
||
| 300 |
_a90 p. ; _c17 cm. |
||
| 700 | 1 |
_aEsclasans, Agustín. _947545 |
|
| 852 |
_aES-MaACL _jC-33906 _bR.64718 |
||
| 999 |
_c34469 _d34469 |
||